000 00428pam a2200157a 44500
008 230405s2017 xxu||||| |||| 00| 0 eng d
041 _aENG
100 _aNAIN SATBIR SING
245 _aINTRODUCTION TO AGRICULTURAL ECONOMICS
250 _a1ST ED. Ed.
260 _aNEW DELHI
_bCBS PUB
_c2017
300 _a160p.
440 _aBHARATI GRAHAK BHANDAR, BILL NO. 4424, DT-16/08/2018
700 _aMEHALA VINAY
906 _a2156
999 _c291034
_d291034